LEADER 02111nam 2200421 n 450 001 996390504203316 005 20221107142600.0 035 $a(CKB)1000000000651318 035 $a(EEBO)2248519161 035 $a(UnM)99856538 035 $a(EXLCZ)991000000000651318 100 $a19921014d1586 uy | 101 0 $aeng 135 $aurbn||||a|bb| 200 12$aA book of Christian exercise, appertaining to resolution$b[electronic resource] $ethat is, shewing how that wee shoulde resolue our selues to become Christians indeed. By R.P. Perused, and accompanied now with a tretise tending to pacification. By Edm. Bunny 210 $aImprinted at London $c[By John Windet]$d1586 215 $a[26], 381, [3], 108, [2] p., folded table 300 $aR.P. = Robert Parsons. A Protestant adaptation, with an added treatise, by Edmund Bunny, of: Parsons, Robert. The first booke of the Christian exercise. Parsons' work was revised and enlarged in 1585 as: A Christian directory. 300 $aA piracy printed by John Windet (STC). 300 $a"A treatise tending to pacification" has separate divisional title and pagination; register is continuous. 300 $aThe table is printed on two leaves intented to be pasted together. 300 $a"Treatise tending to pacification" identified as STC 4095 on UMI microfilm reel 1341. 300 $aEach part filmed separately: part 1 on reel 1902; part 2 on reel 1341. 300 $aReproductions of the originals in the Sion College Library and the Union Theological Seminary (New York, N.Y.) Library. 330 $aeebo-0216 606 $aChristian life$xProtestant authors$vEarly works to 1800 615 0$aChristian life$xProtestant authors 701 $aBunny$b Edmund$f1540-1619.$01002895 701 $aParsons$b Robert$f1546-1610.$0138049 701 $aBunny$b Edmund$f1540-1619.$01002895 801 0$bCu-RivES 801 1$bCu-RivES 801 2$bCStRLIN 801 2$bWaOLN 906 $aBOOK 912 $a996390504203316 996 $aA book of Christian exercise, appertaining to resolution$92358054 997 $aUNISA LEADER 00978oam 2200325z- 450 001 9910157761403321 005 20160708135847.0 010 $a1-56037-651-1 035 $a(CKB)3710000001009882 035 $a(VLeBooks)9781560376514 035 $a(EXLCZ)993710000001009882 100 $a20210505c2015uuuu -u- - 101 0 $aeng 200 $aConfessions of a Camo Queen 210 $cFarcountry Incorporated 215 $a1 online resource (1 p.) 311 $a1-56037-628-7 330 $a"Humorous stories from the perspective of an outdoorsman's partner"--$cProvided by publisher. 606 $aOutdoorsmen$vHumor 606 $aMasculinity$vHumor 606 $aMan-woman relationships$vHumor 615 0$aOutdoorsmen 615 0$aMasculinity 615 0$aMan-woman relationships 676 $a818/.602 700 $aBerube$b Kristin$01748503 906 $aBOOK 912 $a9910157761403321 996 $aConfessions of a Camo Queen$94181428 997 $aUNINA